000
00403nam a2200145Ia 4500
008
100204s9999 xx 000 0 und d
082
_b
8207
100
_a
शहा सुभाष
245
_a
बुरुज
260
_b
"रावजी प्रकाशन , डोंबिवली"
_c
1986
300
_a
164
630
_a
बुरुज
730
_a
बुरुज
942
_c
BOOK
999
_c
452643
_d
452640